000 00878cab a2200289 4500
001 ABS50129
008 090401t1994 xxu||||| |||| 00| 0 eng d
035 _a(Sirsi) u74318
041 _aeng
100 _aMurray, P.
245 _aEnvironmental consistency in construction
260 _c1994
350 _a0
490 _aCSM (Chartered Surveyor Monthly)
_v3(5) February 1994, 27(1)
520 _aRefurbishment, new build and property inspection all provide opportunities for surveyors to advise on environmental issues.
650 _aBUILT ENVIRONMENT-CONSTRUCTION DESIGN
650 _aENERGY AUDITS
650 _aENERGY EFFICIENCY
650 _aENERGY
_96237
650 _aENVIRONMENTAL AUDITS
650 _aRefurbishment
_96264
650 _aCBRE
690 _aEnvironment
_96238
690 _aPROFESSIONAL PRACTICE
942 _n0
948 _c04/03/1997
999 _c46910
_d46910